Statistická ročenka 1980 odvětví potravinářského průmyslu

Gespeichert in:
Bibliographische Detailangaben
Format: Buch
Sprache:Tschechisch
Veröffentlicht: Praha Federální ministerstvo zemědělství a výživy 1981
Tags: Tag hinzufügen
Keine Tags, Fügen Sie das erste Tag hinzu!

MARC

LEADER 00000nam a2200000 4500
001 c126180
005 20041019155237.3
041 0 |a cze 
044 |a CZ 
245 1 0 |a Statistická ročenka 1980  |b odvětví potravinářského průmyslu 
264 1 |a Praha  |b Federální ministerstvo zemědělství a výživy  |c 1981 
300 |a 119 s.